000 00506nam a2200229Ia 4500
008 210210b1909 xxu||||| |||| 00| 0 eng d
041 _aeng
082 _a930/81
100 _aMOMMSEN (T)
245 _aProvinces of the Roman empire Vol II
260 _aLondon
_bMacmillan & Co. Ltd.
_c1909
440 _a2
650 _aVol
650 _athe
650 _aRoman
650 _aProvinces
650 _aof
650 _aII
650 _aempire
690 _aAncient History
906 _a024992
999 _c150686
_d150686